LEADER 01225nam a2200313 a 4500 001 000000176860 003 CaOOAMICUS 005 20240523143323.0 008 240523s2023 it u000 u ita r 020 $a978-88-337-9661-1* 032 $aLibriCat 040 $aPUL$bita 082 1 $a344.45035 100 1 $aDiddi, Alessandro,$d1965-$0(OLS)http://pul/name/113674 245 10$aManuale di diritto penitenziario /$cAlessandro Diddi. 250 $a4. edizione 260 $aPisa :$bPacini editore,$c©2023. 300 $a479 p ;$b$c24 cm 490 1 $aPacini Giuridica 650 4$aDiritto penitenziario$zItalia.$0(OLS)http://pul/subject/45630 830 0$aPacini Giuridica.$0(OLS)http://pul/title/198704 850 $aPUL 852 $aPUL$W1$xSL Diritto e Scienze Sociali 3$y79$m344. 45035 DIDAL 1$j200862$qDDC 21$B205819$CPULBib$Z2$F205819 $H137049 $82 941 1 $a8 996 $6020$a978-88-337-9661-1*$9(OLS)http://pul/number/169734 996 $6082$a344.45035$9(OLS)http://pul/classification/3500 996 $6245$aManuale di diritto penitenziario$9(OLS)http://pul/title/218357 996 $6260$aPisa :$bPacini editore$9(OLS)http://pul/publisher/64470 LEADER 01231nam a2200313 u 4500 001 000000016777 003 CaOOAMICUS 005 20070226110030.0 008 940517s1984 it u000 u ita u 035 $a10392025 040 $aPUL$bita 041 1 $aita$hger 100 1 $aKasper, Walter,$ccardinale,$d1933-$0(OLS)http://pul/name/6391 240 10$aGott Jesu Christi.$lItaliano.$0(OLS)http://pul/title/23971 245 13$aIl Dio di Gesł Cristo /$cWalter Kasper ; [trad. dal tedesco di Dino Pezzetta]. 260 $aBrescia :$bQueriniana,$cc1984. 300 $a450 p. ;$c23 cm 490 1 $aBiblioteca di teologia contemporanea ;$v45 500 $aComprende indici. 650 4$aDio (teologia).$0(OLS)http://pul/subject/11917 700 1 $aPezzetta, Dino.$0(OLS)http://pul/name/11861 830 0$aBiblioteca di teologia contemporanea ;$v45.$0(OLS)http://pul/title/7472 850 $aPUL 852 $aPUL$W1$xSL Religione 3$y85$m200 BTC 1.45$j23608$nBK-PRI$b $qDDC 21$B23608$CPULBib$Z2$F23608 $82 941 1 $a9 961 $aINV: 53006 -- ordinaria 983 0$aBTC. 996 $6245$aIl Dio di Gesł Cristo$9(OLS)http://pul/title/23972 996 $6260$aBrescia :$bQueriniana$9(OLS)http://pul/publisher/47906